| 000 | 00628nam a22002057a 4500 | ||
|---|---|---|---|
| 999 |
_c13801 _d13801 |
||
| 003 | AR-CdUCM | ||
| 008 | 190416b ||||| |||| 00| 0 spa d | ||
| 040 |
_aMUNICIPALIDAD PROVINCIAL DEL CUSCO _cBIBLIOTECA MUNICIPAL DEL CUSCO |
||
| 082 |
_a869.33 / _bSC28 |
||
| 100 |
_aScarpa, Roque Esteban _97479 |
||
| 245 | _aVariaciones sobre un antiguo corazón / | ||
| 260 |
_aBarcelona : _bEdiciones Rondas, _c1981. |
||
| 300 |
_a86 páginas ; _c21 cm. |
||
| 505 | _aContenido: Poemas. | ||
| 650 |
_aLiteratura chilena _92985 |
||
| 650 |
_aSiglo XX _98 |
||
| 650 |
_aPoemas _9929 |
||
| 942 |
_2ddc _cLIBROS |
||
| 945 |
_aachl _d2019-04-16 |
||